00369nam a2200157Ia 4500008004100000082001000041100002400051245001800075260001800093300000800111501003200119600001200151630001800163700001200181730001800193090122s9999 xx 000 0 und d b12764 aOctopusbIndiacPub aTell me When? bOctopusc2004 a207 a"Rohit Book Centre, Kalyan" aOctopus aTell me When? aOctopus aTell me When?